| 000 | 00748nam a2200217Ia 4500 | ||
|---|---|---|---|
| 003 | GCL | ||
| 008 | 140319s9999 xx 000 0 ara d | ||
| 040 |
_aGCL / _cGCL |
||
| 082 | 0 | 4 |
_a239.7 _bع خ |
| 100 | 1 | _aعبدالمنعم محمد عمر | |
| 245 | 1 | 0 |
_aخديجة ام المؤمنين نظرات فى اشراق فجر الاسلام / _cعبدالمنعم محمد عمر |
| 260 |
_a[S.N] : _bالهيئة المصرية العامة للكتاب ، _c1994 |
||
| 300 | _a507 ص | ||
| 490 | _a | ||
| 650 | 0 | 4 | _aالاسلام |
| 650 | 0 | 4 | _aالسيرة النبوية |
| 650 | 0 | 4 | _aالديانات |
| 650 | 0 | 4 | _aخديجة بنت خويلد |
| 650 | 0 | 4 | _aزوجات النبى صلى الله عليه وسلم |
| 942 |
_2ddc _cBK |
||
| 999 |
_c29284 _d29284 |
||